The study on influence of water usage for biogas production from cow and pig manure, ការសិក្សាពីឥទ្ធិពលនៃការប្រើប្រាស់ទឹកសំរាប់ជីឧស្ម័នពីលាមកសត្វគោ និងជ្រូក. (Record no. 4263)

000 -LEADER
fixed length control field 00684nam a22001577a 4500
003 - CONTROL NUMBER IDENTIFIER
control field OSt
005 - DATE AND TIME OF LATEST TRANSACTION
control field 20151209101637.0
008 - FIXED-LENGTH DATA ELEMENTS--GENERAL INFORMATION
fixed length control field 151209b xxu||||| |||| 00| 0 eng d
040 ## - CATALOGING SOURCE
Transcribing agency RUA
082 ## - DEWEY DECIMAL CLASSIFICATION NUMBER
Classification number ATM CHE 2006 B194 Or.1
100 ## - MAIN ENTRY--PERSONAL NAME
9 (RLIN) 4574
Personal name CHES SOPHY; ជេស សុភី
245 ## - TITLE STATEMENT
Title The study on influence of water usage for biogas production from cow and pig manure, ការសិក្សាពីឥទ្ធិពលនៃការប្រើប្រាស់ទឹកសំរាប់ជីឧស្ម័នពីលាមកសត្វគោ និងជ្រូក.
260 ## - PUBLICATION, DISTRIBUTION, ETC. (IMPRINT)
Place of publication, distribution, etc. Phnom Penh
Name of publisher, distributor, etc. RUA
Date of publication, distribution, etc. 2006
300 ## - PHYSICAL DESCRIPTION
Extent xv; 56p.
Other physical details ill.
Dimensions 29cm.
942 ## - ADDED ENTRY ELEMENTS (KOHA)
Source of classification or shelving scheme
Koha item type ATM
Holdings
Price effective from Date last seen Permanent Location Not for loan Date acquired Source of classification or shelving scheme Koha item type Lost status Withdrawn status Date last checked out Total Checkouts Shelving location Damaged status Barcode Current Location Full call number
2015-12-092019-11-01Library Block B 2015-12-09 ATM  2019-10-181B194 RUA41091Library Block BATM CHE 2006 B194 Or.1
2015-12-092020-10-16Library Block B 2015-12-09 ATM  2020-09-081B194 RUA41031Library Block BATM CHE 2006 B194 Or.2
2015-12-092020-05-08Library Block B 2015-12-09 ATM  2020-03-131B194 RUA042431Library Block BATM CHE 2006 B194 Or.3
មជ្ឈមណ្ឌលឯការនៃសាកលវិទ្យាល័យភូមិន្ទកសិកម្មចំការដូង

Powered by Koha